[Event "Druzynowe Mistrzostwa Polski - II liga"]
[Site "Sypniewo k. Jastrowia"]
[Date "1899-12-30"]
[Round "5.98"]
[White "Maj, Samuel"]
[Black "Mierzynski, Jaroslaw"]
[Result "1/2-1/2"]
[WhiteTitle "I"]
[BlackTitle "I+"]
[WhiteElo "1839"]
[BlackElo "1922"]

1. d4 d5 2. c4 e6 3. Nf3 f5 4. g3 Nf6 5. Bg2 c6 6. O-O Be7 7. Qc2 O-O 8. Nc3 Ne4
9. Rb1 a5 10. a3 Na6 11. Ne5 Bd6 12. f3 Nf6 13. Rd1 Qc7 14. cxd5 exd5 15. Nd3
Nh5 16. f4 Qe7 17. Bd2 Bd7 18. b4 axb4 19. axb4 b5 20. Re1 Nf6 21. Nc5 Nxc5 22.
dxc5 Bc7 23. e3 Ra7 24. Ra1 Rfa8 25. Qb2 Bd8 26. Ne2 Ne4 27. Bxe4 fxe4 28. Bc3
Be8 29. Nd4 Qd7 30. Rxa7 Rxa7 31. Ra1 g6 32. Rxa7 Qxa7 33. Ne6 Qd7 34. Nxd8 Qxd8
35. Qa3 Qd7 36. Bb2 Qg4 37. Qa1 Qe2 38. Bd4 Bd7 39. Kh1 Kf7 40. Bh8 Qf3+ 41. Kg1
Qxe3+ 42. Kh1 Ke8 1/2-1/2

[Event "Druzynowe Mistrzostwa Polski - II liga"]
[Site "Sypniewo k. Jastrowia"]
[Date "1899-12-30"]
[Round "5.99"]
[White "Kowalewicz, Kacper"]
[Black "Pietrzak, Tomasz"]
[Result "1/2-1/2"]
[WhiteTitle "I+"]
[BlackTitle "I"]
[WhiteElo "1831"]
[BlackElo "1757"]

1. d4 e6 2. Nf3 c5 3. g3 cxd4 4. Nxd4 Nc6 5. Bg2 Nf6 6. O-O e5 7. Nxc6 bxc6 8.
Bg5 h6 9. Bxf6 Qxf6 10. c4 Rb8 11. Qc2 Be7 12. Nc3 O-O 13. b3 Qe6 14. Rad1 f5
15. e3 Bb7 16. Bh3 d5 17. Na4 Qf6 18. cxd5 cxd5 19. Bg2 Rfd8 20. Nc5 Rbc8 21.
b4 Ba8 22. Rc1 Bxc5 23. bxc5 Rc7 24. Rfd1 Kh8 25. Qa4 Qe7 26. Qa5 Rdc8 27. c6
Rxc6 28. Rxc6 Bxc6 29. Bxd5 Rd8 30. Bb3 Rxd1+ 31. Bxd1 Qd7 32. Be2 Qd5 33. Qxd5
Bxd5 34. a3 g5 35. Kf1 f4 36. Ke1 Kg7 37. exf4 exf4 38. Kd2 Kf6 39. Bd3 Ke5 40.
Kc3 h5 41. Bg6 h4 42. gxh4 gxh4 43. Kd3 Be6 44. Bh7 Bd5 1/2-1/2

[Event "Druzynowe Mistrzostwa Polski - II liga"]
[Site "Sypniewo k. Jastrowia"]
[Date "1899-12-30"]
[Round "5.100"]
[White "Piwowarczyk, Bartlomiej"]
[Black "Wawrzyniak, Pawel"]
[Result "1/2-1/2"]
[WhiteTitle "I++"]
[BlackTitle "I"]
[WhiteElo "1884"]
[BlackElo "1764"]

1. d4 d5 2. Nf3 Nf6 3. e3 e6 4. b3 Be7 5. Bb2 O-O 6. Bd3 b6 7. Nbd2 Ba6 8. c4 Qc8
9. Ne5 Qb7 10. O-O c5 11. f4 dxc4 12. bxc4 Nc6 13. Rf3 Rfd8 14. Rh3 g6 15. Ndf3
Rd6 16. Ng5 Rf8 17. Nxh7 Nxh7 18. Rxh7 Kxh7 19. Qh5+ Kg7 20. Nxg6 Bf6 21. dxc5
Bxb2 22. Ne5 Rxd3 23. Qg5+ Kh7 24. Qh5+ Kg7 25. Qg5+ Kh7 26. Qh5+ 1/2-1/2

[Event "Druzynowe Mistrzostwa Polski - II liga"]
[Site "Sypniewo k. Jastrowia"]
[Date "1899-12-30"]
[Round "5.101"]
[White "Rusinski, Mateusz"]
[Black "Soliwoda, Zygmunt"]
[Result "1-0"]
[WhiteTitle "I"]
[BlackTitle "II+"]
[WhiteElo "1751"]
[BlackElo "1593"]

1. e4 c5 2. Nf3 Nc6 3. d4 cxd4 4. Nxd4 Nf6 5. Nc3 g6 6. Be3 Bg7 7. f3 O-O 8. Qd2
d6 9. O-O-O Bd7 10. Kb1 Nxd4 11. Bxd4 a6 12. Bd3 b5 13. Rhe1 Be6 14. h3 Kh8 15.
f4 Qa5 16. f5 Bc4 17. g4 Bxd3 18. Qxd3 b4 19. g5 bxc3 20. Bxc3 Qb6 21. gxf6 Bxf6
22. Bxf6+ exf6 23. Qxd6 Rab8 24. b3 Rfd8 25. Qxb6 Rxd1+ 26. Rxd1 Rxb6 27. c4 Kg7
28. Kc2 Kh6 29. Rd7 gxf5 30. exf5 Kg5 31. Rxf7 h5 32. Rh7 Rc6 33. Kc3 Rc5 34.
Kd4 Rxf5 35. c5 Rf2 36. a4 Rc2 37. b4 Ra2 38. a5 Rc2 39. b5 axb5 40. a6 f5 41.
a7 Ra2 42. c6 f4 43. c7 Rxa7 44. c8=Q Rxh7 45. Qg8+ Kh6 46. h4 Rg7 47. Qf8 Kh7
48. Ke5 Rg4 49. Qf5+ Kh6 50. Kf6 b4 51. Qc8 Rg6+ 52. Kf5 Kh7 53. Qe8 Rb6 54. Qxh5+
Kg7 55. Qg5+ Kh7 56. Qd8 Ra6 57. Qc7+ Kh6 58. Qxf4+ Kh7 59. Qxb4 Kh6 60. Qf8+
Kh7 61. Qe7+ Kh6 62. Qd8 Kg7 63. h5 Kh7 64. Kg5 Ra7 65. Qd3+ Kg8 66. Qc4+ Kh7
67. Qd3+ Kg8 68. h6 Rf7 69. Qd5 Kh8 70. Kg6 Rf8 71. Qe5+ Kg8 72. Qg7# 1-0

[Event "Druzynowe Mistrzostwa Polski - II liga"]
[Site "Sypniewo k. Jastrowia"]
[Date "1899-12-30"]
[Round "5.102"]
[White "Uliasz, Katarzyna"]
[Black "Leszner, Liliana"]
[Result "0-1"]
[WhiteTitle "I++"]
[BlackTitle "WIM"]
[WhiteElo "1569"]
[BlackElo "1889"]

1. e4 g6 2. d4 Bg7 3. Nc3 d6 4. Be3 c6 5. Qd2 Nd7 6. Nf3 b5 7. Bd3 Nb6 8. h3 Bb7
9. O-O Nf6 10. a4 b4 11. Ne2 a5 12. Ng3 Qc7 13. Bh6 Bxh6 14. Qxh6 Nbd7 15. e5
dxe5 16. dxe5 Nxe5 17. Nxe5 Qxe5 18. Rfe1 Qxb2 19. Bxg6 fxg6 20. Qg7 O-O-O 21.
Rxe7 Qxa1+ 22. Kh2 Ng4+ 23. hxg4 Qxg7 24. Rxg7 Rd7 0-1

[Event "Druzynowe Mistrzostwa Polski - II liga"]
[Site "Sypniewo k. Jastrowia"]
[Date "1899-12-30"]
[Round "6.1"]
[White "Cukrowski, Filip"]
[Black "Kowalczyk, Pawel"]
[Result "0-1"]
[WhiteTitle "FM"]
[BlackTitle "m"]
[WhiteElo "2382"]
[BlackElo "2339"]

1. d4 a6 2. c4 Nf6 3. Nc3 d6 4. g3 Nbd7 5. Nf3 g6 6. Bg2 Bg7 7. O-O O-O 8. Qc2
Rb8 9. e4 c5 10. e5 Ne8 11. Nd5 dxe5 12. dxe5 Nxe5 13. Nxe5 Bxe5 14. Re1 Bd6 15.
Bh6 Ng7 16. Rad1 Re8 17. Qc3 Nf5 18. Bf4 Nd4 19. Rxd4 cxd4 20. Qxd4 Bf5 21. Bxd6
Qxd6 22. g4 e5 23. Qd1 Bc8 24. g5 Kf8 25. c5 Qxc5 26. Nf6 Be6 27. Nxe8 Rxe8 28.
Bxb7 Qe7 29. Bg2 Qxg5 30. Qd6+ Kg7 31. Qxe5+ Qxe5 32. Rxe5 Rd8 33. Bb7 Rd2 34.
Bxa6 Bxa2 35. Re2 Rd1+ 36. Kg2 Bd5+ 37. f3 Kf6 38. Kg3 h5 39. Kf4 g5+ 40. Ke3
Ke5 41. Rg2 f6 42. Be2 Rh1 43. Rf2 f5 44. f4+ gxf4+ 45. Kd2 h4 46. Bf1 f3 47.
b4 Kf4 48. b5 Rg1 49. Ke1 Bc4 50. b6 Bxf1 51. Rxf1 Rg6 52. Rf2 Ke3 0-1

[Event "Druzynowe Mistrzostwa Polski - II liga"]
[Site "Sypniewo k. Jastrowia"]
[Date "1899-12-30"]
[Round "6.2"]
[White "Velicka, Petr"]
[Black "Kacprzak, Karol"]
[Result "1/2-1/2"]
[WhiteTitle "GM"]
[BlackTitle "k"]
[WhiteElo "2393"]
[BlackElo "2200"]

1. e4 c5 2. Nf3 d6 3. Bb5+ Nd7 4. d4 cxd4 5. Qxd4 a6 6. Bxd7+ Bxd7 7. O-O e5 8.
Qd3 Rc8 9. c4 Qc7 10. b3 b5 11. Nfd2 Nf6 12. Nc3 Be7 13. Bb2 O-O 14. Rac1 Qb8
15. Rfd1 Bd8 16. cxb5 axb5 17. Nf1 Bb6 18. Nd5 Nxd5 19. Qxd5 Bg4 20. Rxc8 Rxc8
21. Rc1 Rxc1 22. Bxc1 Be6 23. Qc6 h6 24. Be3 Bxe3 25. Nxe3 Qa7 26. Qc2 Qd4 27.
h3 b4 28. Kh2 Kh7 29. Kg1 Kg8 30. Kh2 Kh7 31. Kg1 1/2-1/2

[Event "Druzynowe Mistrzostwa Polski - II liga"]
[Site "Sypniewo k. Jastrowia"]
[Date "1899-12-30"]
[Round "6.3"]
[White "Kacprzak, Kacper"]
[Black "Szotkowski, Jakub"]
[Result "0-1"]
[WhiteTitle "k"]
[BlackTitle "IM"]
[WhiteElo "2229"]
[BlackElo "2353"]

1. e4 c5 2. Nf3 e6 3. d4 cxd4 4. Nxd4 a6 5. c4 Nf6 6. Nc3 d6 7. Be2 Be7 8. O-O
O-O 9. Be3 b6 10. Qd2 Bb7 11. f3 Nbd7 12. Rfd1 Rc8 13. Rac1 Qc7 14. b3 Qb8 15.
Bf1 Bd8 16. Qf2 Bc7 17. g3 Rfe8 18. Nc2 Qa8 19. Nb4 h6 20. Bf4 Qb8 21. Rd2 Nc5
22. Nd3 Nxd3 23. Rxd3 d5 24. Bxc7 Qxc7 25. cxd5 exd5 26. Ne2 Qe7 27. e5 Rxc1 28.
Nxc1 Qxe5 29. Qxb6 Bc8 30. Qf2 a5 31. Ne2 Qa1 32. Kg2 Qxa2 33. Nf4 Qxf2+ 34. Kxf2
Be6 35. Rd4 Rb8 36. Ra4 Rxb3 37. Rxa5 g5 38. Nd3 g4 39. Ra2 Kg7 40. Rb2 Rc3 41.
Rd2 Bf5 42. Nf4 gxf3 43. Nxd5 Ne4+ 44. Kg1 Rc1 45. Rb2 Bh3 46. Ne3 f2+ 47. Rxf2
Nxf2 48. Kxf2 Be6 49. Be2 Ra1 50. h4 Kf6 51. Ng4+ Bxg4 52. Bxg4 Ke5 53. Bf3 Ra2+
54. Ke3 Ra3+ 55. Kf2 f5 56. Bb7 f4 57. gxf4+ Kxf4 58. Bc8 Ra2+ 59. Kf1 Rh2 60.
Kg1 Kg3 0-1

[Event "Druzynowe Mistrzostwa Polski - II liga"]
[Site "Sypniewo k. Jastrowia"]
[Date "1899-12-30"]
[Round "6.4"]
[White "Eggink, Ryszard"]
[Black "Poltorak, Sebastian"]
[Result "1/2-1/2"]
[WhiteTitle "m"]
[BlackTitle "k"]
[WhiteElo "2387"]
[BlackElo "2264"]

1. d4 Nf6 2. c4 e6 3. Nf3 Bb4+ 4. Bd2 Qe7 5. g3 Bxd2+ 6. Qxd2 d5 7. Bg2 Nc6 8.
O-O O-O 9. Rc1 Rd8 10. cxd5 exd5 11. Nc3 Ne4 1/2-1/2

[Event "Druzynowe Mistrzostwa Polski - II liga"]
[Site "Sypniewo k. Jastrowia"]
[Date "1899-12-30"]
[Round "6.5"]
[White "Sowa, Wiktoria"]
[Black "Karwowski, Kacper"]
[Result "1-0"]
[WhiteTitle "WFM"]
[BlackTitle "CM"]
[WhiteElo "2016"]
[BlackElo "2230"]

1. e4 g6 2. d4 Bg7 3. c4 c5 4. Nf3 Qb6 5. Nc3 cxd4 6. Nd5 Qa5+ 7. b4 Qd8 8. Nxd4
e6 9. Ne3 Qb6 10. Nec2 Bxd4 11. Qxd4 Qxd4 12. Nxd4 Nc6 13. Nb5 Rb8 14. a3 Ke7
15. Bf4 e5 16. Be3 b6 17. Rd1 Nf6 18. f3 Ne8 19. c5 f6 20. Bc4 Ba6 21. Nd6 Bxc4
22. Nxc4 b5 23. Nb2 Nc7 24. f4 Ne6 25. fxe5 fxe5 26. Rd5 h6 27. Ke2 a5 28. Rhd1
Ned4+ 29. Bxd4 exd4 30. Nd3 axb4 31. axb4 Ra8 32. Ne5 Ra2+ 33. Rd2 Rxd2+ 34. Kxd2
Ra8 35. Nxc6+ dxc6 36. Rxd4 Ra2+ 37. Ke3 Rxg2 38. h4 Rg3+ 39. Kf4 Rh3 40. Kg4
Rb3 41. Kf4 Rh3 42. Rd6 Rxh4+ 43. Ke5 Rh5+ 44. Kd4 Rg5 45. Rxc6 Kd7 46. Rd6+ Kc7
47. e5 Rg1 48. Kd5 h5 49. e6 Re1 50. Rd7+ Kc8 51. c6 h4 52. e7 Rd1+ 53. Ke6 Re1+
54. Kf7 Rf1+ 55. Kg7 Re1 56. Rd8+ Kc7 57. e8=Q Rxe8 58. Rxe8 g5 59. Re5 g4 60.
Re4 h3 61. Rxg4 Kxc6 62. Rh4 Kd5 63. Rxh3 Kc4 64. Rh4+ Kd5 1-0

[Event "Druzynowe Mistrzostwa Polski - II liga"]
[Site "Sypniewo k. Jastrowia"]
[Date "1899-12-30"]
[Round "6.6"]
[White "Krupa, Monika"]
[Black "Starosta, Martyna"]
[Result "0-1"]
[WhiteTitle "WGM"]
[BlackTitle "WCM"]
[WhiteElo "2194"]
[BlackElo "1809"]

1. e4 e5 2. Nf3 Nc6 3. d4 exd4 4. Bc4 Nf6 5. e5 d5 6. Bb5 Ne4 7. Nxd4 Bd7 8. Bxc6
bxc6 9. O-O Bc5 10. f3 Ng5 11. f4 Ne4 12. Be3 Bb6 13. Nd2 Nxd2 14. Qxd2 c5 15.
Nf3 d4 16. Bf2 Bc6 17. Bh4 Qd5 18. a4 a5 19. f5 Kd7 20. e6+ fxe6 21. c4 dxc3 22.
Qxc3 Kc8 23. fxe6 Qxe6 24. Rae1 Qg4 25. h3 Qxa4 26. Re7 Kb7 27. Bg3 Qb4 28. Rxg7
Rhg8 29. Qe5 Rae8 30. Rxc7+ Ka6 31. Rxc6 Rxe5 32. Bxe5 Qe4 33. Rf6 Kb5 34. Re1
Qc2 35. g4 h5 36. Rf4 hxg4 37. hxg4 Ka6 38. Bc3 Bc7 39. Rf6+ Kb5 40. g5 Bg3 41.
Rf1 Rxg5 42. Bd2 Rg4 43. Rc1 Qxc1+ 44. Bxc1 Be5+ 0-1

[Event "Druzynowe Mistrzostwa Polski - II liga"]
[Site "Sypniewo k. Jastrowia"]
[Date "1899-12-30"]
[Round "6.7"]
[White "Bebel, Arkadiusz"]
[Black "Stoma, Pawel"]
[Result "1-0"]
[WhiteTitle "FM"]
[BlackTitle "m"]
[WhiteElo "2294"]
[BlackElo "2328"]

1. Nf3 d5 2. g3 Nf6 3. Bg2 Bf5 4. O-O e6 5. c4 c6 6. Qb3 Qb6 7. d3 Nbd7 8. cxd5
exd5 9. Qc2 Be7 10. Nc3 h6 11. e4 Bg4 12. exd5 Nxd5 13. Nxd5 cxd5 14. Re1 Be6
15. Be3 Bc5 16. Bxc5 Qxc5 17. Rac1 Qb6 18. Qc7 O-O 19. Qxb6 axb6 20. a3 Nc5 21.
Rc3 Na4 22. Rb3 Nc5 23. Rxb6 Nxd3 24. Rd1 Nc5 25. Nd4 Bg4 26. f3 Bc8 27. Rb5 Na4
28. Rd2 Rd8 29. f4 Ra6 30. Rxd5 Rad6 31. Nb5 Rxd5 32. Rxd5 Re8 33. b3 Be6 34.
bxa4 Bxd5 35. Bxd5 b6 36. Bxf7+ 1-0

[Event "Druzynowe Mistrzostwa Polski - II liga"]
[Site "Sypniewo k. Jastrowia"]
[Date "1899-12-30"]
[Round "6.8"]
[White "Miroslaw, Michal"]
[Black "Sowul, Bartosz"]
[Result "0-1"]
[WhiteTitle "FM"]
[BlackTitle "k+"]
[WhiteElo "2269"]
[BlackElo "2248"]

1. d4 Nf6 2. Nc3 d5 3. Bg5 c5 4. e3 Nc6 5. Nf3 Bg4 6. Be2 e6 7. Ne5 Bxe2 8. Nxe2
Qa5+ 9. c3 cxd4 10. Nxc6 bxc6 11. exd4 Ne4 12. Be3 Bd6 13. O-O Qc7 14. g3 Qb7
15. Qc2 O-O 16. f3 Nf6 17. Bf4 Be7 18. Bg5 a5 19. Nc1 Ne8 20. Bxe7 Qxe7 21. Nd3
Nd6 22. b3 Qa7 23. Kg2 Nb7 24. Qf2 Rfc8 25. Rfc1 c5 26. Qe3 h6 27. g4 Rc7 28.
Qe5 Rac8 29. Nf4 Nd8 30. g5 Nc6 31. Qe1 hxg5 32. Nh3 cxd4 33. Nxg5 Ne7 34. Qh4
Nf5 35. Qh7+ Kf8 36. Re1 Qa6 37. cxd4 Qd3 38. Qh8+ Ke7 39. Qh5 g6 0-1

[Event "Druzynowe Mistrzostwa Polski - II liga"]
[Site "Sypniewo k. Jastrowia"]
[Date "1899-12-30"]
[Round "6.9"]
[White "Solnicki, Michal"]
[Black "Pyda, Zbigniew"]
[Result "1/2-1/2"]
[WhiteTitle "k"]
[BlackTitle "FM"]
[WhiteElo "2166"]
[BlackElo "2283"]

1. d4 f5 2. Nf3 Nf6 3. g3 g6 4. Bg2 Bg7 5. O-O O-O 6. c4 b6 7. Ne5 c6 8. Nc3 Bb7
9. Qb3 e6 10. c5 Kh8 11. Bg5 Ba6 12. Rfd1 Qe7 13. cxb6 d5 14. bxa7 Qxa7 15. Qb4
Nfd7 16. Nf3 c5 17. dxc5 Nc6 18. Qa4 Qxc5 19. Be3 Qc4 20. Qxc4 Bxc4 21. Nd2 1/2-1/2

[Event "Druzynowe Mistrzostwa Polski - II liga"]
[Site "Sypniewo k. Jastrowia"]
[Date "1899-12-30"]
[Round "6.10"]
[White "Panas, Pawel"]
[Black "Zysko, Jan"]
[Result "1/2-1/2"]
[WhiteTitle "k"]
[BlackTitle "k"]
[WhiteElo "2158"]
[BlackElo "2080"]

1. d4 d5 2. c4 c6 3. Nf3 Nf6 4. e3 Bf5 5. Nc3 e6 6. Nh4 Be4 7. Qb3 Qc7 8. Nf3 Nbd7
9. Be2 Be7 10. Bd2 O-O 11. Rc1 Qb6 12. Qxb6 axb6 13. a3 h6 14. Nxe4 Nxe4 15. O-O
g5 16. Be1 f5 17. Nd2 Ndf6 18. f3 Nxd2 19. Bxd2 Ne8 20. Rfd1 Nd6 21. Bb4 Kf7 22.
Bxd6 Bxd6 23. Bd3 Kf6 24. g3 Rad8 25. Kg2 dxc4 26. Bxc4 e5 27. d5 Bc5 28. e4 fxe4
29. fxe4 Ke7 30. Rf1 Bd4 31. Rxf8 Rxf8 32. Rc2 Kd6 33. dxc6 bxc6 34. h3 h5 35.
Rd2 h4 36. Bb3 b5 37. Bd1 c5 38. a4 bxa4 39. Bxa4 c4 40. Rc2 Rb8 41. Rxc4 Rxb2+
42. Rc2 Rxc2+ 1/2-1/2

[Event "Druzynowe Mistrzostwa Polski - II liga"]
[Site "Sypniewo k. Jastrowia"]
[Date "1899-12-30"]
[Round "6.11"]
[White "Chrzaszcz, Malvina"]
[Black "Maka, Marcin"]
[Result "1/2-1/2"]
[WhiteTitle "k+"]
[BlackTitle "k"]
[WhiteElo "1996"]
[BlackElo "2086"]

1. e4 c5 2. Nf3 Nc6 3. Nc3 e5 4. Bc4 d6 5. d3 Be7 6. O-O h6 7. h3 Nf6 8. Nh2 Be6
9. Ng4 Bxg4 10. hxg4 Qd7 11. f3 Nh7 12. Nd5 Bg5 13. a4 Bxc1 14. Qxc1 Ng5 15. a5
Rb8 16. Kf2 Ne6 17. Rh1 Ne7 18. c3 Nxd5 19. Bxd5 f6 20. Qd1 Ke7 21. g3 Rhd8 22.
Qb3 Nc7 23. Ra2 Nxd5 24. Qxd5 Qc6 25. Ke3 Rdc8 26. Qc4 Rd8 27. Qd5 Rbc8 28. b3
Qa6 29. Ra4 Rc7 30. Qc4 d5 31. exd5 Qd6 1/2-1/2

[Event "Druzynowe Mistrzostwa Polski - II liga"]
[Site "Sypniewo k. Jastrowia"]
[Date "1899-12-30"]
[Round "6.12"]
[White "Horbacz, Agata"]
[Black "Kaniak, Monika"]
[Result "0-1"]
[WhiteTitle "k+"]
[BlackTitle "k"]
[WhiteElo "1746"]
[BlackElo "1830"]

1. c4 e5 2. Nc3 Nf6 3. g3 d5 4. cxd5 Nxd5 5. Bg2 Nb6 6. d3 Be7 7. e4 Nc6 8. a3
Be6 9. Nge2 Qd7 10. Be3 Rd8 11. Nc1 O-O 12. O-O Nd4 13. Bxd4 Qxd4 14. Qc2 Nd7
15. b4 Nf6 16. Rb1 a6 17. N3e2 Qb6 18. Kh1 c6 19. Nc3 Rd6 20. Na4 Qa7 21. Qc5
Qxc5 22. Nxc5 Bc8 23. f4 Ng4 24. Bf3 exf4 25. Bxg4 Bxg4 26. Nxb7 Rh6 27. Rxf4
f5 28. Nc5 Bd6 29. Nd7 Bxf4 30. gxf4 Bf3+ 31. Kg1 Rd8 32. Ne5 fxe4 33. Nxf3 exf3
34. Rb2 Rh4 35. Rc2 Rd6 36. Rc4 Rg6+ 37. Kf2 Rh3 0-1

[Event "Druzynowe Mistrzostwa Polski - II liga"]
[Site "Sypniewo k. Jastrowia"]
[Date "1899-12-30"]
[Round "6.14"]
[White "Steczek, Marcin"]
[Black "Garbowski, Jakub"]
[Result "1-0"]
[WhiteTitle "FM"]
[BlackTitle "k"]
[WhiteElo "2364"]
[BlackElo "2142"]

1. Nf3 Nf6 2. b3 g6 3. Bb2 Bg7 4. e3 c5 5. c4 Nc6 6. Be2 O-O 7. O-O b6 8. d4 cxd4
9. Nxd4 Bb7 10. Nc3 Nxd4 11. Qxd4 Ne4 12. Qd3 Nxc3 13. Bxc3 Bxc3 14. Qxc3 Qc7
15. Rac1 Rac8 16. Rfd1 Rfd8 17. Qb2 Qc5 18. Bf1 a5 19. a3 Qf5 20. Rd4 d6 21. Rcd1
Bc6 22. Qd2 Rd7 23. Qe2 Rcd8 24. e4 Qe5 25. g3 f5 26. exf5 Qxf5 27. Rf4 Qe5 28.
Qd2 Rf8 29. Bh3 Rdd8 30. Re1 Qg7 31. Be6+ Kh8 32. Rd4 Rf6 33. Bd5 Bd7 34. Bg2
Rf5 35. Rde4 Rf7 36. Qe3 e5 37. Qxb6 Qf6 38. R4e2 Bg4 39. Rd2 Rff8 40. Qxa5 Bf3
41. Qc3 Bxg2 42. Kxg2 h5 43. h4 Kh7 44. Qe3 Ra8 45. Red1 Rxa3 46. Rxd6 Qf5 47.
Rd7+ Kg8 48. Rd8 Ra2 49. Rxf8+ Qxf8 50. Rd5 e4 51. Re5 1-0

[Event "Druzynowe Mistrzostwa Polski - II liga"]
[Site "Sypniewo k. Jastrowia"]
[Date "1899-12-30"]
[Round "6.15"]
[White "Maciol, Ryszard"]
[Black "Smagalski, Slawomir"]
[Result "1-0"]
[WhiteTitle "k"]
[BlackTitle "I++"]
[WhiteElo "2138"]
[BlackElo "1939"]

1. d4 Nf6 2. c4 e6 3. Nc3 Bb4 4. e3 O-O 5. Bd3 d5 6. Nf3 dxc4 7. Bxc4 b6 8. O-O
Bb7 9. a3 Bxc3 10. bxc3 Nbd7 11. a4 c5 12. Ba3 Qc7 13. Nd2 Rfd8 14. Qe2 Rac8 15.
Rfc1 Ne4 16. Nxe4 Bxe4 17. f3 Bb7 18. e4 Nf6 19. Bb2 h6 20. Bd3 Qd7 21. Rd1 Qc7
22. Rac1 Qd7 23. Bc2 Qc7 24. Qe3 Qb8 25. Rd2 Qc7 26. Rcd1 c4 27. f4 Bc6 28. Rf1
Qd7 29. f5 exf5 30. Rxf5 Re8 31. e5 Bxa4 32. Bb1 Bc6 33. Rxf6 gxf6 34. Qxh6 f5
35. Qg5+ Kh8 36. Bxf5 Re6 37. Qh5+ Kg7 38. Qh7+ Kf8 39. Ba3+ 1-0

[Event "Druzynowe Mistrzostwa Polski - II liga"]
[Site "Sypniewo k. Jastrowia"]
[Date "1899-12-30"]
[Round "6.16"]
[White "Swiatnicki, Andrzej"]
[Black "Stachanczyk, Jacek"]
[Result "0-1"]
[WhiteTitle "k"]
[BlackTitle "IM"]
[WhiteElo "1976"]
[BlackElo "2152"]

1. e4 c5 2. c3 Nf6 3. e5 Nd5 4. d4 cxd4 5. Qxd4 e6 6. Nf3 Nc6 7. Qe4 f5 8. exf6
Nxf6 9. Qh4 d5 10. Bd3 Bd6 11. Bg6+ Ke7 12. Bc2 e5 13. Bg5 Kf7 14. Nbd2 h6 15.
Bxf6 Qxf6 16. Qxf6+ gxf6 17. O-O-O Be6 18. Nf1 Bc5 19. Ne3 d4 20. cxd4 Nxd4 21.
Nxd4 Bxd4 22. Bb3 Rac8+ 23. Kb1 Bxb3 24. axb3 Ke6 25. g4 h5 26. Nf5 hxg4 27. Nxd4+
exd4 28. Rxd4 f5 29. Rd3 Rc7 30. f4 Re7 31. h3 Rxh3 32. Rhxh3 gxh3 33. Rxh3 Kd5
34. Rh2 Kd4 35. Rc2 Ke3 36. Rc4 Re4 37. Rc7 Rb4 38. Kc2 Kxf4 39. Kc3 Rb6 40. Rf7
a5 41. Kc4 Rb4+ 42. Kc3 Ke4 43. Re7+ Kf4 44. Rf7 b6 45. Rf8 Ke4 46. Re8+ Kf3 47.
Rf8 f4 48. Rf6 Kf2 49. Re6 f3 50. Rf6 Ke2 51. Re6+ Kf1 52. Rf6 f2 0-1

[Event "Druzynowe Mistrzostwa Polski - II liga"]
[Site "Sypniewo k. Jastrowia"]
[Date "1899-12-30"]
[Round "6.17"]
[White "Rosicki, Marcin"]
[Black "Smagalski, Jaroslaw"]
[Result "1/2-1/2"]
[WhiteTitle "I++"]
[BlackTitle "I"]
[WhiteElo "2009"]
[BlackElo "1850"]

1. e4 d6 2. d4 Nf6 3. Nc3 c6 4. Nf3 Bg4 5. Be3 Qa5 6. Qd2 e5 7. h3 Bxf3 8. gxf3
Nbd7 9. f4 O-O-O 10. O-O-O Be7 11. Kb1 Rhe8 12. Bc4 d5 13. exd5 cxd5 14. Nxd5
Qxd2 15. Rxd2 Ne4 16. Re2 Nd6 17. Bb3 e4 18. c4 Bf8 19. c5 Nf5 20. Nc3 Re7 21.
Rc1 Kb8 22. Nd5 Re6 23. Nb4 Rf6 24. d5 Nxe3 25. c6 Nc5 26. fxe3 a5 27. Nc2 Nd3
28. Rd1 bxc6 29. dxc6 Rxc6 30. Ne1 Bb4 31. a3 Bxe1 32. Rexe1 Rb6 33. Bxf7 Rxb2+
34. Ka1 Rb7 35. Bc4 Rbd7 36. Rg1 g6 37. Rb1+ Rb7 38. Rg5 Rxb1+ 39. Kxb1 Ne1 40.
Rxa5 Rd1+ 41. Kb2 Ng2 42. Bd5 Nxe3 43. Rb5+ Kc7 44. Bxe4 Nc4+ 45. Kc3 Nxa3 46.
Rb3 Rc1+ 47. Kb2 Rc4 48. Bd3 Rxf4 49. Rxa3 Rf2+ 50. Kc3 h5 51. Ra6 Rf3 52. Rxg6
Rxh3 53. Kd4 Rh2 54. Rh6 h4 55. Bf5 Rd2+ 56. Ke3 Rh2 57. Kf3 Kb7 58. Kg4 Kc7 59.
Bd3 Rh1 60. Rf6 Kd7 61. Bf1 Ke7 62. Rf2 Rg1+ 63. Kxh4 Kd6 64. Bh3 Ke5 65. Bg4
Rh1+ 66. Kg5 Re1 67. Rf5+ Kd4 68. Kf4 Re4+ 69. Kf3 Re3+ 70. Kf2 Re5 71. Rf8 Re7
72. Rd8+ Kc3 73. Bf3 Re5 74. Ba8 Kc4 75. Kf3 Kc3 76. Be4 Rh5 77. Ke3 Rh3+ 78.
Bf3 Rh4 79. Rc8+ Rc4 80. Rxc4+ 1/2-1/2

[Event "Druzynowe Mistrzostwa Polski - II liga"]
[Site "Sypniewo k. Jastrowia"]
[Date "1899-12-30"]
[Round "6.18"]
[White "Bukowska, Katarzyna"]
[Black "Guzik, Jolanta"]
[Result "0-1"]
[WhiteTitle "k++"]
[BlackTitle "WFM"]
[WhiteElo "1844"]
[BlackElo "1979"]

1. e4 c5 2. Nf3 Nc6 3. Nc3 g6 4. d4 cxd4 5. Nxd4 Bg7 6. Nb3 Nf6 7. Be2 d6 8. O-O
O-O 9. Bg5 Be6 10. Kh1 Na5 11. f4 Rc8 12. f5 Bc4 13. Bd3 a6 14. Qe1 Bxd3 15. cxd3
Nxb3 16. axb3 Qb6 17. Bxf6 Bxf6 18. Nd5 Qxb3 19. Nxf6+ exf6 20. Qg3 Qxb2 21. Rab1
Qa3 22. Rxb7 Rc1 23. Rb1 Rxb1 24. Rxb1 Rc8 25. h4 Rc1+ 26. Rxc1 Qxc1+ 27. Kh2
Qc5 28. Kh3 a5 29. fxg6 hxg6 30. Qf3 Kg7 31. Qd1 Qd4 32. Qb3 a4 33. Qa3 g5 34.
g3 Kg6 35. Qa2 gxh4 36. Kxh4 Qc5 37. Kh3 a3 38. d4 Qc8+ 39. Kh4 Qc1 40. g4 Qb2
0-1

[Event "Druzynowe Mistrzostwa Polski - II liga"]
[Site "Sypniewo k. Jastrowia"]
[Date "1899-12-30"]
[Round "6.19"]
[White "Stysiak, Szymon"]
[Black "Murdzia, Piotr"]
[Result "0-1"]
[WhiteTitle "k"]
[BlackTitle "IM"]
[WhiteElo "2193"]
[BlackElo "2425"]

1. d4 d5 2. c4 dxc4 3. e3 Nf6 4. Bxc4 e6 5. Nf3 a6 6. a4 c5 7. O-O Nc6 8. Qe2 cxd4
9. Rd1 Be7 10. exd4 O-O 11. Nc3 Nb4 12. Ne5 Nfd5 13. Ne4 b6 14. Ra3 f6 15. Rh3
Qe8 16. Nd3 Bd7 17. Nxb4 Bxb4 18. Nc3 Bxc3 19. bxc3 Bxa4 20. Re1 Bb5 21. Ba3 Bxc4
22. Qxc4 Rf7 23. Qd3 h6 24. Rg3 b5 25. c4 bxc4 26. Qxc4 Rc7 27. Bc5 Qc6 28. Qc1
Kf7 29. Qa3 g5 30. Qf3 Nf4 31. Qa3 Rd8 32. h3 h5 33. Qa5 Rg8 34. Rf3 Rd7 35. Ra1
Nxg2 36. Rg3 Nf4 37. Kh2 h4 38. Rg4 Rb8 39. Rxf4 gxf4 40. Qc3 Rg8 41. Rg1 Rxg1
42. Kxg1 Rd8 43. Kf1 f3 0-1

[Event "Druzynowe Mistrzostwa Polski - II liga"]
[Site "Sypniewo k. Jastrowia"]
[Date "1899-12-30"]
[Round "6.20"]
[White "Brzezinski, Mateusz"]
[Black "Stanisz, Patryk"]
[Result "1-0"]
[WhiteTitle "k"]
[BlackTitle "k"]
[WhiteElo "2189"]
[BlackElo "2138"]

1. e4 c5 2. Nf3 Nc6 3. d4 cxd4 4. Nxd4 Nf6 5. Nc3 e5 6. Ndb5 d6 7. Bg5 a6 8. Na3
b5 9. Nd5 Qa5+ 10. Bd2 Qd8 11. Bd3 Nxd5 12. exd5 Ne7 13. c4 g6 14. cxb5 Bg7 15.
O-O O-O 16. Bb4 a5 17. Bc3 Nxd5 18. Be4 Nxc3 19. bxc3 Rb8 20. Qd2 f5 21. Bd5+
Kh8 22. Rfd1 e4 23. Bc6 Qh4 24. Qxd6 Bb7 25. Bxb7 Rxb7 26. Qc6 Rbb8 27. Nc4 e3
28. Nxe3 f4 29. g3 Qh5 30. Nf1 Rxb5 31. Rab1 Rc5 32. Qd6 Rxc3 33. Rb8 Qf5 34.
Rd5 Qf7 35. Rxf8+ Bxf8 36. Qe5+ Qg7 37. Qxf4 Ra3 38. Rd7 Qh6 39. Qf6+ Kg8 40.
Qf7+ Kh8 41. Rd8 1-0

[Event "Druzynowe Mistrzostwa Polski - II liga"]
[Site "Sypniewo k. Jastrowia"]
[Date "1899-12-30"]
[Round "6.21"]
[White "Kaminski, Piotr"]
[Black "Kujawski, Adam"]
[Result "0-1"]
[WhiteTitle "k"]
[BlackTitle "FM"]
[WhiteElo "2109"]
[BlackElo "2239"]

1. d4 Nf6 2. c4 e6 3. Nf3 c5 4. d5 d6 5. Nc3 g6 6. e4 Bg7 7. Be2 O-O 8. O-O e5
9. Ne1 Ne8 10. Nd3 f5 11. f4 Nd7 12. Bf3 Nef6 13. Qc2 fxe4 14. Bxe4 Nxe4 15. Nxe4
Nf6 16. Nxf6+ Qxf6 17. Be3 Bf5 18. Qb3 exf4 19. Rxf4 Bh6 20. Rf3 Bxe3+ 21. Rxe3
Bxd3 22. Qxd3 Qf2+ 23. Kh1 Rae8 24. Re6 Qxb2 25. Rae1 Rxe6 26. dxe6 Qd4 27. Qg3
Qxc4 28. h3 Qd4 29. e7 Re8 30. Qb3+ c4 31. Qxb7 Qf6 32. Qd5+ Kg7 33. Re6 Qf1+
34. Kh2 Qf4+ 35. Kh1 Qf1+ 36. Kh2 Qf4+ 37. Kg1 c3 38. Re4 Qf6 39. Re6 c2 40. Rxf6
c1=Q+ 41. Rf1 Qe3+ 42. Kh1 Qxe7 43. Rb1 Qf6 44. Rd1 Rd8 45. Rb1 Rd7 46. Re1 Rf7
47. Rd1 Qe5 48. Qc4 h5 49. Qd3 d5 50. Kg1 Rd7 51. Rd2 Qf5 52. Qd4+ Qf6 53. Qa4
Qe6 54. Qd4+ Qf6 55. Qa4 Qe6 56. Qd4+ Kh7 57. Qd3 d4 58. Re2 Qd5 59. Re8 Qxa2
60. Qe4 Qf7 61. Qa8 Qg7 62. Re2 d3 63. Rd2 Qa1+ 64. Kh2 Qe5+ 65. Kg1 Qe1+ 0-1